00844nam a2200229 a 4500001000900000005001700009008004100026020001500067040001800082050002200100100003900122245011200161260005300273300001900326504003300345650005100378650004000429650001800469942001100487999001300498952010300511BRCA_55220190320203047.0980326s1996 sp-#---##b---#000-0#spa-# a8400075773 aDLCcDLCdDLC 4aNK3062b.C78 19961 aCruz Yábar, María Teresa9190610aLa tapicería en Madridb1570-1640cMaría Teresa Cruz Yábar ; [prólogo Juan José Junquera y Mato]. aMadridbInstituto de Estudios Madrileñosc1996 a469 p.c24 cm. aBibliografía: p. [467]-46914aTapicesxRenacimientozMadrid (España)9190714aTapicería barrocazEspaña9190814aTapices91909 2lcccB c483d483 00104070aBRCAbBRCAd2008-06-25l0oNK3062 .C78 1996p00868r2019-03-22 00:00:00w2019-03-22yB